Las nuevas fronteras de la autonomía de la voluntad en el derecho internacional privado / (Registro nro. 5355)
[ vista simple ]
| 000 -LEADER | |
|---|---|
| fixed length control field | 01705nab a22003137a 4500 |
| 003 - CONTROL NUMBER IDENTIFIER | |
| control field | OSt |
| 005 - DATE AND TIME OF LATEST TRANSACTION | |
| control field | 20250225132717.0 |
| 008 - FIXED-LENGTH DATA ELEMENTS--GENERAL INFORMATION | |
| fixed length control field | 190603e xxum|||| |||| 00| 0 spa d |
| 040 ## - CATALOGING SOURCE | |
| Transcribing agency | PJ-TDF |
| 100 ## - MAIN ENTRY--PERSONAL NAME | |
| 9 (RLIN) | 5375 |
| Personal name | Scotti, Luciana B. |
| 245 13 - TITLE STATEMENT | |
| Title | Las nuevas fronteras de la autonomía de la voluntad en el derecho internacional privado / |
| Statement of responsibility, etc | Luciana B. Scotti. |
| 260 ## - PUBLICATION, DISTRIBUTION, ETC. (IMPRINT) | |
| Date of publication, distribution, etc | Ciudad Autónoma de Buenos Aires : |
| Place of publication, distribution, etc | Thomson Reuters La Ley, |
| Name of publisher, distributor, etc | 2024. |
| 300 ## - PHYSICAL DESCRIPTION | |
| Extent | p. 227-241 |
| 500 ## - GENERAL NOTE | |
| General note | Cita: TR LALEY AR/DOC/1974/2024.<br/><br/>Publicado en: R.C.C. y C. 2024 (Septiembre-Octubre). EDICIÓN ESPECIAL: XXIX Jornadas Nacionales de Derecho Civil. |
| 505 ## - FORMATTED CONTENTS NOTE | |
| Formatted contents note | Sumario: I. Introducción.— II. Concepto y fundamentos.— III. Alcance y límites.— IV. Ámbitos de consagración de la autonomía de la voluntad.— V. Ámbitos más resistentes a la autonomía de la voluntad.— VI. La autonomía de la voluntad indirecta y el método de reconocimiento.— VII. A modo de colofón.— VIII. Bibliografía complementaria. |
| 505 ## - FORMATTED CONTENTS NOTE | |
| Title | ¿Te interesa el texto completo? Solicitalo al correo: koha@justierradelfuego.gov.ar |
| 650 #0 - SUBJECT ADDED ENTRY--TOPICAL TERM | |
| 9 (RLIN) | 327 |
| Topical term or geographic name as entry element | DERECHO INTERNACIONAL PRIVADO |
| 650 #0 - SUBJECT ADDED ENTRY--TOPICAL TERM | |
| 9 (RLIN) | 716 |
| Topical term or geographic name as entry element | ORDEN PUBLICO |
| 650 #0 - SUBJECT ADDED ENTRY--TOPICAL TERM | |
| 9 (RLIN) | 664 |
| Topical term or geographic name as entry element | ARBITRAJE INTERNACIONAL |
| 650 #0 - SUBJECT ADDED ENTRY--TOPICAL TERM | |
| 9 (RLIN) | 1053 |
| Topical term or geographic name as entry element | UNIONES CONVIVENCIALES |
| 650 #0 - SUBJECT ADDED ENTRY--TOPICAL TERM | |
| 9 (RLIN) | 5417 |
| Topical term or geographic name as entry element | CONTRATOS DE CONSUMO |
| 650 #0 - SUBJECT ADDED ENTRY--TOPICAL TERM | |
| 9 (RLIN) | 234 |
| Topical term or geographic name as entry element | DERECHO COMPARADO |
| 650 #0 - SUBJECT ADDED ENTRY--TOPICAL TERM | |
| 9 (RLIN) | 967 |
| Topical term or geographic name as entry element | DERECHO DE FAMILIA |
| 650 #0 - SUBJECT ADDED ENTRY--TOPICAL TERM | |
| 9 (RLIN) | 1467 |
| Topical term or geographic name as entry element | RESPONSABILIDAD CIVIL |
| 650 #0 - SUBJECT ADDED ENTRY--TOPICAL TERM | |
| 9 (RLIN) | 1497 |
| Topical term or geographic name as entry element | CODIGO CIVIL Y COMERCIAL |
| 650 #0 - SUBJECT ADDED ENTRY--TOPICAL TERM | |
| 9 (RLIN) | 888 |
| Topical term or geographic name as entry element | SUCESIONES |
| 773 0# - HOST ITEM ENTRY | |
| Host Biblionumber | 2713 |
| Host Itemnumber | 3170 |
| Place, publisher, and date of publication | Ciudad Autónoma de Buenos Aires : Thomson Reuters La Ley, 2015- |
| Title | Revista Código Civil y Comercial. Nº 5 - Septiembre-Octubre 2024 |
| 942 ## - ADDED ENTRY ELEMENTS (KOHA) | |
| Source of classification or shelving scheme | |
| Koha item type | Analítica Artículo de Revista |
No hay ítems disponibles.
